Turkey : Selected Issues and Statistical Appendix.

This Selected Issues paper on Turkey describes the link between budget deficits and inflation. The paper outlines the key elements of the recent reforms and additional measures to reform the system. The study assesses the impact that inflation has had on the banking system, examines the sources of v...

Ausführliche Beschreibung

Bibliographische Detailangaben
Körperschaft: International Monetary Fund
Format: Zeitschrift
Sprache:English
Veröffentlicht: Washington, D.C. : International Monetary Fund, 2000.
Schriftenreihe:IMF Staff Country Reports; Country Report ; No. 2000/014
Online Zugang:Full text available on IMF
LEADER 01633cas a2200241 a 4500
001 AALejournalIMF007666
008 230101c9999 xx r poo 0 0eng d
020 |c 5.00 USD 
020 |z 9781451838015 
022 |a 1934-7685 
040 |a BD-DhAAL  |c BD-DhAAL 
110 2 |a International Monetary Fund. 
245 1 0 |a Turkey :   |b Selected Issues and Statistical Appendix. 
264 1 |a Washington, D.C. :  |b International Monetary Fund,  |c 2000. 
300 |a 1 online resource (157 pages) 
490 1 |a IMF Staff Country Reports 
500 |a <strong>Off-Campus Access:</strong> No User ID or Password Required 
500 |a <strong>On-Campus Access:</strong> No User ID or Password Required 
506 |a Electronic access restricted to authorized BRAC University faculty, staff and students 
520 3 |a This Selected Issues paper on Turkey describes the link between budget deficits and inflation. The paper outlines the key elements of the recent reforms and additional measures to reform the system. The study assesses the impact that inflation has had on the banking system, examines the sources of volatility of Turkey's external balance, and presents empirical estimates of the elasticities governing the behavior of exports and imports. The paper analyzes the costs of agricultural support policies along these methodological lines, and also provides a statistical appendix for the country. 
538 |a Mode of access: Internet 
830 0 |a IMF Staff Country Reports; Country Report ;  |v No. 2000/014 
856 4 0 |z Full text available on IMF  |u http://elibrary.imf.org/view/journals/002/2000/014/002.2000.issue-014-en.xml  |z IMF e-Library